ბათუმის შოთა რუსთაველის სახელმწიფო უნივერსიტეტის ბიბლიოთეკა

სტუდენტური საისტორიო ძიებანი = Student historical researches / (ბიბ.ჩანაწერი № 61531)

000 -LEADER
fixed length control field 01363nam a22001937a 4500
005 - DATE AND TIME OF LATEST TRANSACTION
control field 20240321172221.0
008 - FIXED-LENGTH DATA ELEMENTS--GENERAL INFORMATION
fixed length control field 240321c2022 ge ||||| |||| 00| 0 geo d
022 ## - INTERNATIONAL STANDARD SERIAL NUMBER
International Standard Serial Number 2720-8354
041 ## - LANGUAGE CODE
Language code of text/sound track or separate title geo
245 ## - TITLE STATEMENT
Title სტუდენტური საისტორიო ძიებანი = Student historical researches /
Statement of responsibility, etc. ივანე ჯავახიშვილის სახელობის თბილისის სახელმწიფო უნივერსიტეტის ჰუმანიტარულ მეცნიერებათა ფაკულტეტი; მთავარი რედაქტორები : მიხეილ ქართველიშვილი, ნიკოლოზ სარაჯიშვილი.
260 ## - PUBLICATION, DISTRIBUTION, ETC.
Place of publication, distribution, etc. თბილისი :
Name of publisher, distributor, etc. უნივერსიტეტის გამ.-ბა,
Date of publication, distribution, etc. 2022-
300 ## - PHYSICAL DESCRIPTION
Extent V.
653 ## - INDEX TERM--UNCONTROLLED
Uncontrolled term სტუდენტური საისტორიო ძიებანი
653 ## - INDEX TERM--UNCONTROLLED
Uncontrolled term ისტორია
653 ## - INDEX TERM--UNCONTROLLED
Uncontrolled term პერიოდიკა
700 ## - ADDED ENTRY--PERSONAL NAME
Personal name ქართველიშვილი, მიხეილ
Relator term მთავარი რედაქტორი
9 (RLIN) 19427
700 ## - ADDED ENTRY--PERSONAL NAME
Personal name სარაჯიშვილი, ნიკოლოზ
Relator term მთავარი რედაქტორი
9 (RLIN) 21534
942 ## - ADDED ENTRY ELEMENTS (KOHA)
Source of classification or shelving scheme
Koha item type პერიოდიკა
ეგზემპლარები
Withdrawn status Lost status Source of classification or shelving scheme Damaged status Not for loan Permanent Location Current Location Shelving location Date acquired Serial Enumeration / chronology Barcode Date last seen Copy number Price effective from Koha item type Uniform Resource Identifier
          ბათუმის შოთა რუსთაველის სახელმწიფო უნივერსიტეტის მთავარი ბიბლიოთეკა ბათუმის შოთა რუსთაველის სახელმწიფო უნივერსიტეტის მთავარი ბიბლიოთეკა წიგნსაცავი 2024-03-21 # 1 (2022) 81185 2024-03-21 81185 2024-03-21 პერიოდიკა  
          ბათუმის შოთა რუსთაველის სახელმწიფო უნივერსიტეტის მთავარი ბიბლიოთეკა ბათუმის შოთა რუსთაველის სახელმწიფო უნივერსიტეტის მთავარი ბიბლიოთეკა წიგნსაცავი 2024-12-16 # 2 (2022) 81345 2024-12-16 81345 2024-12-16 პერიოდიკა  
          ბათუმის შოთა რუსთაველის სახელმწიფო უნივერსიტეტის მთავარი ბიბლიოთეკა ბათუმის შოთა რუსთაველის სახელმწიფო უნივერსიტეტის მთავარი ბიბლიოთეკა წიგნსაცავი 2025-08-11 # 3 (2024) 81380 2025-08-11 81380 2025-08-11 პერიოდიკა ნაჩუქარი